000 00697nam a2200241Ia 4500
003 OSt
005 20220918200418.0
006 a|||||r|||| 00| 0
007 ta
008 220917b |||||||| |||| 00| 0 eng d
024 _a88,626
037 _cTextual
040 _aARTS
_cARTS
_beng
041 _2eng
_aeng
082 _aU2.1, L3
100 _aChikishev A G ed
_993916
245 0 _aLandscape indicators ; new techniques in Geology and geography, tr from Russian by J Paul Fitzsimmons
260 _aNew York
_bconsultants
_c1973
300 _ax,165p.
_ccm.
650 _aPHYSICAL GEOGRAPHY
942 _hU2.1, L3
_cTEXL
_2CC
999 _c212296
_d212296